000
00324nam a2200133Ia 4500
008
220204s9999 xx 000 0 und d
082
_a
614
_b
PAR
100
_a
Park, J E
245
0
_a
Text book of preventive and social medicine
250
_a
Ed.5
260
_a
Jabalpur
_b
Singhai
_c
1976
700
_a
Park, K
942
_c
BK
999
_c
24461
_d
24461